Brawl Stars - Devinez les brawlers grâce au nom de leur attaque - Statistiques

Statistiques générales
  • Ce quiz a été pris 64 fois
  • Le résultat moyen est 38 sur 92
Statistiques - réponses
Hint Répondre % Correct
Chevrotine Shelly
80%
Rock N' Rockette Brock
76%
Six coups Colt
69%
Dagues Corbac
64%
Griffes Kit
62%
Grenade kipik Spike
62%
Cocktail Barlotov Bartaba
60%
Serres d'aigle Bo
60%
Parafusil Polly
60%
Crème glaçante Lou
58%
Rupture Nita
58%
Balles Ricochantes Ricochet
58%
Fureur de vaincre El costo
56%
Coup de Massue Frank
56%
Quitte ou double Griff
56%
ça peze Mandy
56%
Souffle le dragon Ambre
53%
Champis Cordelius
53%
Snack d'attaque Doug
51%
Uchi & Tsuki Kenji
51%
Lames tournantes Leon
51%
Triple Tarot Tara
51%
Choquante Belle
49%
Lance acérée Draco
49%
Pétage de plombs dynamike
49%
Ballons Barjots Gus
49%
Coup de tromblon Penny
49%
Jus - Tice Surge
49%
Minimines Tick
49%
Bas les battres Billie
47%
Pioche Carl
47%
Bagarreur Edgar
47%
Spray Eliza
47%
Bombe à eau Hank
47%
Notes monstrueuses Mélody
47%
Coup de belle Mortis
47%
Accord Majeur Poco
47%
Grosses Piqûre Bea
44%
La dent dure Bonnie
44%
Double Canon Bull
44%
Coup de sifflet Buzz
44%
Electro Fusil Jessie
44%
Double laser Medor
44%
Fournée de cookies Pearl
44%
Poings de pierre Rosa
44%
Boules de glace Berry
42%
Vortex polaire Gael
42%
Moteur à vapeur Chuck
40%
Wu - Shaussure Fang
40%
Jae - Pop Jae Yong
40%
Silent Shuriken Kaze
40%
Attention, ça pique Lumi
40%
Coup de balais Ash
38%
Coup de fumée D'jinn
38%
Brise - Roche Jacky
38%
Cantate Janet
38%
Fais péter le son Ollie
38%
Déferlante Pam
38%
Graine de bombe Wally
38%
Preste Blaster Max
36%
Cible verrouillée Meg
36%
Etreinte maudite Shade
36%
Bomb gluante Squeak
36%
Flèche d'expert Angelo
33%
Posologie Byron
33%
Tape - Cible RT
33%
Pistodoigts Gray
33%
Energie élémentaire Juju
33%
Angles Morts Nani
33%
Encre de chine Otis
33%
Rayon lumineux Buster
31%
Coup double Darryl
31%
Lance Oeufs Eve
31%
Regard de diamant Lola
31%
Lâcher de micro Mico
31%
Tout feu tout flamme Stu
31%
Rayons Laser Arkad
29%
Lapidaire Emerie
29%
Salade de phalanges Sam
29%
YO - YO Charlie
27%
Chrono Missiles Finx
27%
Epine aiguisée Lily
27%
Carcassombre Meeple
27%
Pelle lance pierre Moe
24%
Karcher Clancy
22%
Distributeur de tickets Larry & Lawrie
22%
Tir imposant Colette
20%
Pote explosif Grom
20%
Roquette Pression Maisie
20%
Votre valise, monsieur Mr.p
20%
Lanterne Maudite Wilow
16%
Chapeau à Grelots Luki
4%
Aucun quiz correspondant
Distribution des résultats
% des personnes avec chaque résultat
Percentile par nombre de réponses
Votre historique - résultats
Vous n’avez pas pris ce quiz